00402 2200169 4500001002100000005001500021008004100036035001900077041000700096082000800103090001300111100001400124245003000138260002800168300002000196650001600216INLIS00000000000539920241224113107241224||||||||| | ||| |||| || |  0010-1224005399 aid0 a813 a813TER M0 aTERE-LIYE00aMOGA BUNDA DISAYANG ALLAH bRAYA MAGARASATAWAc2006 a20.5HML,;13.5CM 0aKESUSASTRAN